| 000 | 00627nam a2200217 a 4500 | ||
|---|---|---|---|
| 005 | 20140310183245.0 | ||
| 008 | 040830s19uu xx 00 eng d | ||
| 020 | _a0130114189 | ||
| 050 |
_aHB 172 _b.M377 2002 |
||
| 100 | _aMathis, Stephen | ||
| 245 |
_aMicroeconomic theory : _ban integrated approach / _cMathis, Stephen |
||
| 260 |
_aNew Jersey : _bPrentice Hall, _c2002. |
||
| 300 |
_a681 p. : _bill. ; _c25 cm. |
||
| 500 | _aIncludes glossary & index. | ||
| 521 | _aBSBA | ||
| 650 | _aMicroeconomics. | ||
| 650 | _aMathematical, Economics | ||
| 700 | _aKoscianski, Janet | ||
| 942 |
_cBK _2lcc _kFOR |
||
| 999 |
_c20686 _d20686 |
||